| 000 | 00773nam a22002297a 4500 | ||
|---|---|---|---|
| 003 | OSt | ||
| 005 | 20250729103914.0 | ||
| 008 | 241126b |||a|||| |||| 00| 0 spa d | ||
| 020 | _a9788449321498 | ||
| 037 | _bDonación | ||
| 040 |
_aCO-JMCR _bspa _cCO-JMCR _dCO-JMCR _erda |
||
| 041 | 1 |
_aspa _hfre |
|
| 082 | 0 | 4 |
_a177.7 _bV48a _223 |
| 100 | 1 |
_aVerdon, Jean, _943919 |
|
| 245 | 1 | 3 |
_aEl amor en la edad media : _bla carne, el sexo y el sentimiento / _cJean Verdon; traducción Marta Pino Moreno. |
| 260 | 3 |
_aBarcelona : _bEdiciones Paidós Ibérica, S.A., _c2008. |
|
| 300 |
_a268 páginas ; _c24 cm. |
||
| 504 | _aIncluye bibliografía. | ||
| 534 |
_pTítulo original : _tL'amour au Moyen Age. |
||
| 700 | 1 |
_aPino Moreno, Marta, _etraductora _943920 |
|
| 942 |
_2ddc _cBK |
||
| 999 |
_c30890 _d17274 |
||